000 00693nam a2200217 4500
003 OSt
005 20240715055517.0
006 a
008 240715b |||||||| |||| 00| 0 eng d
020 _a082649269
040 _aDWCL-Main lib.
_cOC
082 _aCirc. 401.93 L287 2007
245 _aLanguage acquisition and development : studies of learners of first and other languages /
260 _aLondon :
_bContinuum,
_cc2007.
300 _avi,
_b288 p. : ill. ;
_c23 cm.
504 _aIncludes bibliographical references and index.
650 _a1. Language acquisition.
650 _a2. Second language acquisition.
700 _aBrian Tomlinson
942 _2ddc
_n0
_cBK-CIRC
_kCirc.
999 _c2182
_d2182